000 00555nam a2200181Ia 4500
001 3922
005 20260306145718.0
008 260306t2007||||xx |||||||||||||| ||spa||
041 _aESP
082 _a305.420985
_bV28
100 _aVan Deusen, Nancy E.
_eAUT
245 0 _aEntre lo sagrado y lo mundano:
_bla práctica institucional y cultural del recogimiento en la Lima virreinal = between the sacred and the wordly: The institutional and cultural
260 _c2007
300 _a
_c
650 _aGEN
654 _aCHU
942 _cLIB
_dJUS
_fJUS
_2ddc
_n
999 _c3922
_d3922